Quiz Séries - Statistiques

Statistiques générales
  • Ce quiz a été pris 109 fois
  • Le résultat moyen est 5 sur 9
Statistiques - réponses
Par images Réponse % Correct
Prison Break
90%
Outer Banks
73%
Game of Thrones
69%
Gossip Girl
55%
Cobra Kai
53%
Sherlock
53%
Gilmore Girls
46%
Anne with an E
43%
Black Mirror
29%
Aucun quiz correspondant
Distribution des résultats
% des personnes avec chaque résultat
Percentile par nombre de réponses
Votre historique - résultats
Vous n’avez pas pris ce quiz